00891 a2200229 4500010001400000020002300014035001300037037001800050082001300068090001500081245013400096260004900230270008500279300003300364500001900397710002200416710001700438710002600455942002800481999001500509952013700524 aENG-85833 a8131300358c695.00 aEN-69366 bD.B.Act / Pub14a338.3727 c3506d35061 aFishes and fisheriesbconservation and sustainable developmentcedited by Rekha R. Gaonkar, R. B. Patil and Maria D. C. Rodrogues aNew DelhibAPH Publishing Corporatioonc2007 a5, Ansari Road, Darya GanjbNew Delhie110 002k011- 23274050maphbooks@vsnl.net axxviii, 282 p.b22 cm ( Hb.) aIncludes index1 aGaonkar, Rekha R.1 aPatil, R. B.1 aRodrigues, Maria D.C. adplcENk338.3727 / FIS c3439d3439 00102ddc40718NFICaDBADbDBADeDBAD/PUBg695.00l0o338.3727 FISpEN-69366r2008-09-15 00:00:00t1u3665v695.00w2008-09-15yEN